000
00293 a2200145 4500
001
63947
040
_c
Anchieta - Pituba
100
_a
Lefebvre, Henri
240
1
0
_a
O marxismo
_l
por
245
1
0
_a
O marxismo
300
_a
111
362
0
_a
1988
650
4
_a
Sistemas marxistas
942
_c
BK
999
_c
63947
_d
63947